000 00502nam a2200181Ia 4500
003 GCL
008 140319s9999 xx 000 0 eng d
040 _aGCL /
_cGCL
082 0 4 _a684.08
_bT M
100 1 _aTOYLOR, ZACHARY
245 1 0 _aMAKING GIFTS WITH WOOD WORKER: ANOTHER SELECTION FROM GO YEARS OF THE WORLD'S /
_cTOYLOR, ZACHARY
260 _a[S.N] :
_bARGUS BOOKS ،
_c1994
300 _a153 P
650 0 4 _aWOOD WOORKING MACHINERY
650 0 4 _aTOYS
650 0 4 _aWOOD
942 _2ddc
_cBK
999 _c21388
_d21388